000 00746nam a2200241Ia 4500
003 OSt
005 20221005130110.0
006 a|||||r|||| 00| 0
007 ta
008 221004b |||||||| |||| 00| 0 eng d
024 _a51654
037 _cTextual
040 _aCRL
_cCRL
_beng
041 _2eng
_aeng
082 _aT4t3:N67<--N62, K7
110 _aUNITED KINGDOM, VICE-CHANCELLORS and Principals of the Universities(Committee of--)
_9637594
245 0 _aQuinquennium 1962-67
_b Report
260 _c1967
650 _aEDUCATION
700 _aUNITED KINGDOM, VICE-CHANCELLORS and Principals of the Universities(Committee of--)
_9637595
942 _hT4t3:N67<--N62, K7
_cTEXL
_2cc
999 _c1056088
_d1056088